000 00859nam a22002417a 4500
003 OSt
005 20250826165328.0
008 250826b |||||||| |||| 00| 0 eng d
037 _cDissertation
040 _aFEDL
_beng
_cFEDL
041 _aeng
_heng
082 _a305.8 GAU/DI
100 _aGautam, Ruchika
_9818980
110 _aUniversity of Delhi. Department of Education
_9818316
245 _aCaste in the cradle: Reading the dalit child in contemporary memoirs:
_bThe thematic study of life narratives/
_cby Ruchika Gautam. Seema Sarohe. Supervisor
260 _bUniversity of Delhi
_c2025
300 _av, 57p.
650 _aCASTE (RACIAL/ ETHNIC GROUPS)
_9818981
650 _9818982
_aDALIT CHILD
700 _aSarohe, Seema. Supervisor
_9818983
942 _2ddc
_cDIS
_h305.8 GAU/DI
_n0
999 _c1434900
_d1434900